Tableau perpétuel des médailles olympiques - Sports d'adresse - Statistiques

Statistiques générales
  • Ce quiz a été pris 151 fois
  • Le résultat moyen est 16 sur 20
Statistiques - réponses
Pays O A B Total % Correct
États-Unis 77 44 42 163
99%
France 19 25 19 63
99%
Chine 27 22 28 77
98%
Allemagne 11 11 8 30
93%
Italie 18 19 15 52
93%
Canada 5 3 2 10
92%
Grande Bretagne 16 18 25 59
92%
Russie 7 15 13 35
92%
Australie 6 1 7 14
88%
Suède 15 27 18 60
85%
URSS 23 20 23 66
85%
Corée du Sud 35 18 8 61
82%
Norvège 13 8 11 32
82%
Finlande 5 8 12 25
77%
Suisse 7 7 10 24
71%
Hongrie 7 3 7 17
63%
Belgique 12 11 7 30
62%
Roumanie 6 4 5 15
57%
Ukraine 5 3 5 13
57%
Bulgarie 4 7 6 17
49%
Aucun quiz correspondant
Distribution des résultats
% des personnes avec chaque résultat
Percentile par nombre de réponses
Votre historique - résultats
Vous n’avez pas pris ce quiz